| 000 | 00949nam a22002535a 4500 | ||
|---|---|---|---|
| 003 | OSt | ||
| 005 | 20170503113745.0 | ||
| 008 | 170313s2012 ua frb f000 0 ara d | ||
| 015 | _a2011 / 20279 | ||
| 015 | _a2012 / 11678 | ||
| 020 | _a9789770319426 | ||
| 040 |
_aEG-ScBUE _bara _cEG-ScBUE |
||
| 082 | 0 | 4 |
_a345 _bل ا ش _222 |
| 100 | 1 | _aلاشين، أشرف محمد. | |
| 245 | 1 | 2 |
_aالنظرية العامة للجريمة الدولية : _bدراسة تحليلية تأصيلية / _cأشرف محمد لاشين. |
| 260 |
_aالإسكندرية، مصر : _bمنشأة المعارف، _c2012. |
||
| 300 |
_a1 مج. (متعدد الترقيم) ؛ _c24 سم. |
||
| 504 | _aيشتمل على إرجاعات ببليوجرافية. | ||
| 650 | 7 |
_2BUEsh _aالقانون الدولي الجنائي. |
|
| 650 | 7 |
_2BUEsh _aالجرائم الدولية. _940971 |
|
| 651 | _2BUEsh | ||
| 653 |
_bLLAAWW _cMarch2017 _cMay2017 |
||
| 942 | _2ddc | ||
| 999 |
_c24521 _d24493 |
||